000 01127cam a2200337 a 4500
001 1459868
003 OSt
005 20140310184517.0
008 860115s1986 nyua j 000 0 eng
010 _a 86000784
020 _a068805871X
020 _a0590411101 (lib. bdg.)
040 _aDLC
_cDLC
_dDLC
042 _alcac
050 0 0 _aPZ 8.1
_b.K3Pe 1987
100 1 _aKellogg, Steven.
_929172
245 1 0 _aPecos Bill :
_ba tall tale /
_cSteven Kellogg.
260 _aNew York :
_bMorrow,
_c1987.
300 _a[40] p. :
_bcol. ill. ;
_c29 cm.
521 _aG9
526 _c1040
650 0 _aPecos Bill (Legendary character)
_xLegends.
_929472
650 1 _aPecos Bill (Legendary character)
_xLegends.
_929473
650 1 _aFolklore
_zUnited States.
_929474
650 1 _aTall tales.
_927537
856 4 2 _3Publisher description
_uhttp://www.loc.gov/catdir/description/hc044/86000784.html
856 4 2 _3Contributor biographical information
_uhttp://www.loc.gov/catdir/enhancements/fy0911/86000784-b.html
906 _a7
_bcbc
_corignew
_d1
_eocip
_f19
_gy-gencatlg
942 _2lcc
_cBK-SCHOLAS
999 _c34956
_d34956